| 000 | 00451nam a2200169 i 4500 | ||
|---|---|---|---|
| 001 | bg | ||
| 100 | 1 | _aCZERWIŃSKI, Zbigniew | |
| 245 | 0 |
_aMatematyczne modelowanie procesów ekonomicznych / _cZbigniew Czerwiński. |
|
| 260 |
_aWarszawa, _c1982. |
||
| 490 | 1 | _aBiblioteka Ekonometryczna | |
| 830 | _aBiblioteka Ekonometryczna | ||
| 040 | _cBPK | ||
| 041 | _apol | ||
| 080 | _a330.115 | ||
| 942 | _cKS | ||
| 008 | s pl f |000 0 pol | ||
| 999 |
_c20477 _d20477 |
||
| 856 |
_uhttp://koha.tu.koszalin.pl/cgi-bin/koha/opac-detail.pl?biblionumber=20477 _yKatalog online BPK |
||